Elements de neuro-anatomie fonctionnelle / (Record no. 5504)

MARC details
000 -LEADER
campo de control de longitud fija 00860nam a2200253 i 4500
001 - NÚMERO DE CONTROL
campo de control 5504
003 - IDENTIFICADOR DE NÚMERO DE CONTROL
campo de control ES-MaACL
005 - FECHA Y HORA DE LA ÚLTIMA TRANSACCIÓN
campo de control 20230906144611.0
007 - CAMPO FIJO DE DESCRIPCIÓN FÍSICA--INFORMACIÓN GENERAL
campo de control de longitud fija t|
008 - DATOS DE LONGITUD FIJA--INFORMACIÓN GENERAL
campo de control de longitud fija 881020s19721976sp ||||1| spa d
020 ## - NÚMERO INTERNACIONAL ESTÁNDAR DEL LIBRO
Número Internacional Estándar del Libro 2-225-42295-8 (v.3)
080 ## - NÚMERO DE LA CLASIFICACIÓN DECIMAL UNIVERSAL
Número de la Clasificación Decimal Universal 611.8
100 1# - ENTRADA PRINCIPAL--NOMBRE DE PERSONA
Nombre de persona Laget, P.
9 (RLIN) 69573
245 10 - MENCIÓN DEL TÍTULO
Título Elements de neuro-anatomie fonctionnelle /
Mención de responsabilidad, etc. par P.Laget.
260 ## - PUBLICACIÓN, DISTRIBUCIÓN, ETC.
Lugar de publicación, distribución, etc. Paris :
Nombre del editor, distribuidor, etc. Masson,
Fecha de publicación, distribución, etc. 1972-1976.
300 ## - DESCRIPCIÓN FÍSICA
Extensión 3 v. :
Otras características físicas il. ;
Dimensiones 21 cm.
490 1# - MENCIÓN DE SERIE
Mención de serie Structures et fonctions du systeme nerveux ;
Designación de volumen o secuencia 3-5
500 ## - NOTA GENERAL
Nota general Bibliografia. Indice.
505 8# - NOTA DE CONTENIDO CON FORMATO
Nota de contenido con formato v.I.Moelle, bulbe et pont - v.II.Cervelet, mesencephale et diencephale - v.III.Telencephale
650 14 - PUNTO DE ACCESO ADICIONAL DE MATERIA--TÉRMINO DE MATERIA
Término de materia o nombre geográfico como elemento de entrada Sistema nervioso.
9 (RLIN) 17133
830 0# - PUNTO DE ACCESO ADICIONAL DE SERIE-TÍTULO UNIFORME
Título uniforme Structures et fonctions du systeme nerveux ;
Designación de volumen o secuencia 3-5
9 (RLIN) 227700
852 ## - LOCALIZACIÓN
Ubicación ES-MaACL
Número de control de estantería L-12208-10
Sublocalización o colección R.115339
Nota libre . - Rust.
Holdings
Estatus retirado Estado de pérdida Estado de daño No para préstamo Biblioteca de origen Biblioteca actual Ubicación en estantería Fecha de adquisición Fuente de adquisición Total de préstamos Signatura topográfica completa Código de barras Visto por última vez Precio de reemplazo Tipo de ítem Koha
        Biblioteca del Ateneo de Madrid Biblioteca del Ateneo de Madrid Depósito 2 17/01/2008     L-12208-10 1005573 23/02/2023 23/02/2023 Libro impreso